Understanding Integration in the Roman World / (Record no. 49423)
[ view plain ]
| 000 -LEADER | |
|---|---|
| fixed length control field | 02156nam a22003978i 4500 |
| 001 - ACCESSION NUMBER | |
| control field | BRILL9789004545632 |
| 003 - CONTROL NUMBER IDENTIFIER | |
| control field | nllekb |
| 005 - DATE AND TIME OF LATEST TRANSACTION | |
| control field | 20260415154330.0 |
| 006 - FIXED-LENGTH DATA ELEMENTS--ADDITIONAL MATERIAL CHARACTERISTICS--GENERAL INFORMATION | |
| fixed length control field | m d |
| 007 - PHYSICAL DESCRIPTION FIXED FIELD--GENERAL INFORMATION | |
| fixed length control field | cr un uuuua |
| 008 - FIXED-LENGTH DATA ELEMENTS--GENERAL INFORMATION | |
| fixed length control field | 230524s2023 gw sb 001 0 eng d |
| 020 ## - INTERNATIONAL STANDARD BOOK NUMBER | |
| International Standard Book Number | 9789004545632 |
| Qualifying information | (electronic book) |
| 020 ## - INTERNATIONAL STANDARD BOOK NUMBER | |
| Cancelled/invalid ISBN | 9789004545618 |
| Qualifying information | (print) |
| 024 7# - OTHER STANDARD IDENTIFIER | |
| Standard number or code | 10.1163/9789004545632 |
| Source of number or code | DOI |
| 040 ## - CATALOGING SOURCE | |
| Original cataloging agency | NL-LeKB |
| Transcribing agency | NL-LeKB |
| Description conventions | rda |
| 041 ## - LANGUAGE CODE | |
| Language code of text/sound track or separate title | eng |
| 050 #4 - LIBRARY OF CONGRESS CALL NUMBER | |
| Classification number | D57 |
| 072 #7 - SUBJECT CATEGORY CODE | |
| Subject category code | HBLA1 |
| Source | bicssc |
| 072 #7 - SUBJECT CATEGORY CODE | |
| Subject category code | HIS |
| Subject category code subdivision | 002000 |
| Source | bisacsh |
| 072 #7 - SUBJECT CATEGORY CODE | |
| Subject category code | HIS |
| Subject category code subdivision | 039000 |
| Source | bisacsh |
| 082 04 - DEWEY DECIMAL CLASSIFICATION NUMBER | |
| Classification number | 930 |
| Edition number | 23 |
| 245 10 - TITLE STATEMENT | |
| Title | Understanding Integration in the Roman World / |
| Statement of responsibility, etc | edited by Elena Muñiz Grijalvo and Rosario Moreno Soldevila. |
| 300 ## - PHYSICAL DESCRIPTION | |
| Extent | 1 online resource (251 pages) : |
| Other physical details | illustrations. |
| 490 1# - SERIES STATEMENT | |
| Series statement | Impact of Empire ; |
| Volume number/sequential designation | 47 |
| 504 ## - BIBLIOGRAPHY, ETC. NOTE | |
| Bibliography, etc | Includes bibliographical references and index. |
| 520 ## - SUMMARY, ETC. | |
| Summary, etc | Integration is a buzzword in the 21st century. However, academics still do not agree on its meaning and, above all, on its consequences. This book offers numerous examples showing that the inhabitants of the Roman Mediterranean were "integrated", i.e. were aware of the existence of a common framework of coexistence, without this necessarily resulting in a process of cultural convergence. The Spanish poet Martial explicitly refuses to be considered the brother of the Greek Charmenion (10.65): paradoxically, while reaffirming their differences, his satirical epigram confirms the existence of a common frame of reference that encompasses them both. Thus, understanding integration in the Roman world requires paying attention to the multifarious situations that allow to glimpse the complexity of integration in Roman times. |
| 546 ## - LANGUAGE NOTE | |
| Language note | English |
| 650 #0 - SUBJECT ADDED ENTRY--TOPICAL TERM | |
| Topical term or geographic name as entry element | Antiquities. |
| 650 #0 - SUBJECT ADDED ENTRY--TOPICAL TERM | |
| Topical term or geographic name as entry element | History, Ancient. |
| 700 1# - ADDED ENTRY--PERSONAL NAME | |
| Personal name | Grijalvo, Elena Muñiz, |
| Relator term | editor. |
| 700 1# - ADDED ENTRY--PERSONAL NAME | |
| Personal name | Soldevila, Rosario Moreno, |
| Relator term | editor. |
| 776 08 - ADDITIONAL PHYSICAL FORM ENTRY | |
| Display text | Print version: |
| Title | Understanding Integration in the Roman World. |
| Place, publisher, and date of publication | Leiden ; Boston : Brill, 2023. |
| International Standard Book Number | 9789004545618 |
| 830 #0 - SERIES ADDED ENTRY--UNIFORM TITLE | |
| Uniform title | Impact of Empire ; |
| Volume number/sequential designation | 47. |
| 856 4# - ELECTRONIC LOCATION AND ACCESS | |
| Uniform Resource Identifier | <a href="http://dx.doi.org/10.1163/9789004545632">http://dx.doi.org/10.1163/9789004545632</a> |
| 942 ## - ADDED ENTRY ELEMENTS (KOHA) | |
| Source of classification or shelving scheme | Dewey Decimal Classification |
| Koha item type | Electronic Books |
| Date last seen | Total Checkouts | Full call number | Barcode | Uniform Resource Identifier | Price effective from | Koha item type | Lost status | Source of classification or shelving scheme | Damaged status | Not for loan | Withdrawn status | Home library | Current library | Date acquired |
|---|---|---|---|---|---|---|---|---|---|---|---|---|---|---|
| 15/04/2026 | 930 | EB04587 | https://doi.org/10.1163/9789004545632 | 15/04/2026 | Electronic Books | Dewey Decimal Classification | CUTN Central Library | CUTN Central Library | 15/04/2026 |
